[Event "Cardiff Welsh op"]
[Site "Cardiff"]
[Date "2023.04.10"]
[Round "7"]
[White "Woodcock, Louise"]
[Black "Smith, Chris P"]
[Result "1-0"]
[WhiteElo "1280"]
[BlackElo "1460"]
[PlyCount "103"]
[EventDate "2023.04.07"]
[EventType "swiss"]
[EventRounds "7"]
[EventCountry "WLS"]
[SourceTitle "EXT 2024"]
[Source "ChessBase"]
[SourceDate "2023.10.10"]
[SourceVersion "1"]
[SourceVersionDate "2023.10.10"]
[SourceQuality "1"]

1. f4 f5 2. d4 Nf6 3. e3 g6 4. Nf3 Bg7 5. c4 0-0 6. Be2 d6 7. 0-0 b6 8. Bd2 Bb7 9. Nc3 Nbd7 10. a3 c5 11. d5 Re8 12. Ng5 Nf8 13. Rb1 e6 14. Bf3 exd5 15. Nxd5 Nxd5 16. cxd5 Nd7 17. Ne6 Qc8 18. Re1 Nf6 19. Bc3 Nxd5 20. Bxd5 Bxc3 21. Ng5+ Kg7 22. bxc3 h6 23. Nf3 Bxd5 24. Qxd5 Qe6 25. Rbd1 Rad8 26. Qxe6 Rxe6 27. Kf2 Re4 28. Rd5 Rc4 29. Rd3 Ra4 30. Red1 Rxa3 31. Nd2 Ra2 32. Kf3 d5 33. Nf1 Ra3 34. c4 Rxd3 35. Rxd3 Kf7 36. Nd2 Ke6 37. cxd5+ Rxd5 38. Rxd5 Kxd5 39. e4+ fxe4+ 40. Nxe4 c4 41. Ke3 b5 42. Nc3+ Kc5 43. g4 Kb4 44. Kd4 a5 45. f5 gxf5 46. gxf5 a4 47. f6 a3 48. f7 Kb3 49. f8Q a2 50. Qf1 Kb2 51. Qe2+ Ka3 52. Qxa2+ 1-0

[Event "Cardiff Welsh op"]
[Site "Cardiff"]
[Date "2023.04.08"]
[Round "4"]
[White "Woodcock, Louise"]
[Black "Binesmael, Mohamed"]
[Result "0-1"]
[WhiteElo "1280"]
[BlackElo "1553"]
[PlyCount "46"]
[EventDate "2023.04.07"]
[EventType "swiss"]
[EventRounds "7"]
[EventCountry "WLS"]
[SourceTitle "EXT 2024"]
[Source "ChessBase"]
[SourceDate "2023.10.10"]
[SourceVersion "1"]
[SourceVersionDate "2023.10.10"]
[SourceQuality "1"]

1. f4 d5 2. d4 Bf5 3. e3 e6 4. Nf3 Nf6 5. c4 Be7 6. Nc3 c6 7. Bd3 dxc4 8. Bxc4 0-0 9. 0-0 Nbd7 10. Ne5 Nxe5 11. fxe5 Ne4 12. Bd3 Nxc3 13. bxc3 Bxd3 14. Qxd3 f6 15. exf6 Bxf6 16. Rb1 Qc7 17. Qc4 Rae8 18. e4 b5 19. Qb3 Kh8 20. e5 Bxe5 21. Rxf8+ Rxf8 22. dxe5 Qb6+ 23. Kh1 Rf1# 0-1